000 00686nam a2200253Ia 4500
003 OSt
005 20221007071259.0
006 a|||||r|||| 00| 0
007 ta
008 221006b |||||||| |||| 00| 0 eng d
024 _a24,379
037 _cTextual
040 _aFLL
_cFLL
_beng
041 _2eng
_aeng
082 _aZ3:3e, J4
100 _aBaker J. Watson
_9688443
245 0 _aMoore's practical agreements
250 _a9th
260 _aLondon
_bButterworth & Co. Pvt. Ltd. UK
_c1954
300 _axli,444,51p
_ccm.
700 _a Dewhurst T. L.
_9688444
942 _hZ3:3e, J4
_cTEXL
_2CC
999 _c1142940
_d1142940